Next Semester - Twenty One Pilots lyric quiz - Statistics

General Stats
  • This quiz has been taken 255 times
  • The average score is 207 of 240
Answer Stats
Answer % Correct
I
97%
don't
94%
the
94%
be
93%
of
93%
a
92%
here
92%
in
92%
what
92%
can
91%
next
91%
wanna
91%
out
90%
road
90%
semester
90%
then
90%
can't
89%
get
89%
me
89%
you
89%
hey
88%
kid
88%
heard
87%
take
87%
yellow
87%
fresh
86%
remember
86%
was
86%
home
85%
start
85%
wearing
85%
certain
84%
street
84%
dashes
83%
lights
83%
things
83%
those
83%
would
83%
It's
82%
it's
82%
test
82%
hate
81%
less
81%
taste
81%
to
80%
about
79%
happen
79%
change
78%
now
77%
what's
77%
done
76%
graduate
75%
prayed
75%
you've
75%
my
72%
die
71%
stand
70%
year
69%
break
68%
down
68%
feel
68%
new
68%
up
68%
straight
67%
might
64%
legs
62%
with
62%
suffocate
61%
anxiousness
59%
chest
59%
pressure
59%
there's
59%
No matching quizzes found
Score Distribution
Percent of People with Each Score
Percentile by Number Answered
Your Score History
You have not taken this quiz